International routes from Chicago O'Hare International Airport (ORD) - Statistics

General Stats
  • This quiz has been taken 88 times
    38 since last reset
  • The average score is 113 of 132
Answer Stats
Airline International Routes Country % Correct
Etihad Airways Abu Dhabi United Arab Emirates
97%
KLM | United Airlines Amsterdam Netherlands
97%
American Airlines | United Airlines Athens Greece
97%
American Airlines | United Airlines Barcelona Spain
97%
United Airlines Belize City Belize
97%
Scandinavian Airlines Copenhagen Denmark
97%
Air India Delhi India
97%
Qatar Airways Doha Qatar
97%
Emirates Dubai-International United Arab Emirates
97%
Aer Lingus | American Airlines Dublin Ireland
97%
United Airlines Edinburgh United Kingdom
97%
Lufthansa | United Airlines Frankfurt Germany
97%
American Airlines | Avianca Costa Rica | United Airlines Guatemala City Guatemala
97%
Finnair Helsinki Finland
97%
TAP Air Portugal Lisbon Portugal
97%
American Airlines | British Airways | United Airlines London-Heathrow United Kingdom
97%
American Airlines | Iberia Madrid Spain
97%
Lufthansa | United Airlines Munich Germany
97%
Air France | American Airlines | United Airlines Paris-Charles de Gaulle France
97%
American Airlines | United Airlines San Jose del Cabo Mexico
97%
Avianca El Salvador San Salvador El Salvador
97%
Korean Air Seoul-Incheon South Korea
97%
ANA | Japan Airlines | United Airlines Tokyo-Haneda Japan
97%
ANA | Japan Airlines Tokyo-Narita Japan
97%
Air Canada Express Toronto-Billy Bishop Canada
97%
Air Canada | Air Canada Express | American Eagle | +2 others Toronto-Pearson Canada
97%
Air Canada | American Airlines | United Airlines Vancouver Canada
97%
Austrian Airlines Vienna Austria
97%
LOT Polish Airlines Warsaw-Chopin Poland
97%
HiSky Bucharest-Otopeni Romania
94%
American Airlines | Frontier Airlines | Southwest Airlines | +2 others Cancun Mexico
94%
LOT Polish Airlines Krakow Poland
94%
Aeromexico | United Airlines | Viva | Volaris Mexico City Mexico
94%
United Airlines Milan-Malpensa Italy
94%
Air Canada | Air Canada Express | American Eagle | +2 others Montreal-Trudeau Canada
94%
American Eagle Quebec City Canada
94%
Icelandair | United Airlines Reykjavik-Keflavik Iceland
94%
American Airlines | ITA Airways | United Airlines Rome-Fiumicino Italy
94%
American Airlines | Avianca Costa Rica | United Airlines San Jose Costa Rica
94%
Swiss International Airlines | United Airlines Zurich Switzerland
94%
Ethiopian Airlines Addis Ababa Ethiopia
91%
Air Serbia Belgrade Serbia
91%
Cathay Pacific Hong Kong China
91%
Turkish Airlines Istanbul Turkiye
91%
American Airlines Naples Italy
91%
Copa Airlines Panama City-Tocumen Panama
91%
United Airlines Sao Paulo-Guarulhos Brazil
91%
EVA Air Taipei-Taoyuan Taiwan
91%
Royal Jordanian Amman Jordan
88%
Aeromexico | Viva | Volaris Guadalajara Mexico
88%
American Airlines | United Airlines Nassau Bahamas
88%
Avianca Bogota Colombia
84%
United Airlines | WestJet Calgary Canada
84%
United Airlines Edmonton Canada
84%
American Airlines | United Airlines Montego Bay Jamaica
84%
American Airlines | United Airlines Aruba Netherlands
81%
American Eagle Halifax Canada
81%
Arajet | Frontier Airlines | Southwest Airlines | United Airlines Punta Cana Dominican Republic
78%
United Airlines | United Express Ottawa Canada
75%
United Airlines Saint Lucia Saint Lucia
75%
United Airlines Shannon Ireland
75%
United Airlines Puerto Vallarta Mexico
72%
American Airlines Puerto Vallerta Mexico
72%
United Express | Viva | Volaris Monterrey Mexico
69%
American Airlines Curacao Netherlands
63%
American Airlines | United Airlines Liberia Costa Rica
59%
United Airlines Sint Marteen Netherlands
56%
American Airlines | United Airlines Cozumel Mexico
53%
United Airlines Tulum Mexico
47%
Viva | Volaris Leon Mexico
44%
American Airlines | United Airlines Providenciales United Kingdom
38%
United Airlines Ixtapa Mexico
34%
American Airlines | Volaris Queretaro Mexico
25%
Viva | Volaris Moreila Mexico
3%
No matching quizzes found
Score Distribution
Percent of People with Each Score
Percentile by Number Answered
Your Score History
You have not taken this quiz since the last reset